NFL Teams in Latin - Statistics

General Stats
  • This quiz has been taken 12 times
  • The average score is 22 of 32
Answer Stats
Latin Translation Team % Correct
Gigantes Giants
92%
Pirata Buccaneers
83%
Cardinalium Cardinals
83%
Delphini Dolphins
83%
Leones Lions
83%
Pantherae Panthers
83%
Populus Texanus Texans
83%
Libellus Bills
75%
Equos Broncos
75%
Aquilae Eagles
75%
Falcones Falcons
75%
Maecenas Jets
75%
Illi Qui Stipant Packers
75%
Sanctorum Saints
75%
Eos Qui Quadraginta Novem 49ers
67%
Ullamcorper Bears
67%
Bonis Patriots
67%
Populatores Raiders
67%
Arietes Rams
67%
Corvi Ravens
67%
Trigrides Bengals
58%
Eget Browns
58%
Phialae Chargers
58%
Proceres Chiefs
58%
Asinarum Colts
58%
Imperators Commanders
58%
Idoneis Cowboys
58%
Mareaccipitres Seahawks
58%
Chalybeus Steelers
58%
Iapetus Titans
58%
Malesuada Vikings
58%
Pardorum Jaguars
50%
No matching quizzes found
Score Distribution
Percent of People with Each Score
Percentile by Number Answered
Your Score History
You have not taken this quiz